El discurso gráfico en el semanario 26 /

Uloženo v:
Podrobná bibliografie
Hlavní autor: Pérez Cruz, Jorge Perfecto
Korporativní autor: e-libro, Corp
Další autoři: González Borges, María de los Ángeles
Médium: E-kniha
Jazyk:španělština
Vydáno: Las Tunas : Universidad de La Habana, 2010.
Témata:
On-line přístup:https://elibro.unach.elogim.com/es/lc/unach/titulos/104830
Tagy: Přidat tag
Žádné tagy, Buďte první, kdo vytvoří štítek k tomuto záznamu!

MARC

LEADER 00000nam a2200000 a 4500
001 ELB104830
003 FlNmELB
005 20210112101226.0
006 m o d |
007 cr cn|||||||||
008 210112s2010 cu o 000 0 spa d
035 |a (OCoLC)929383833 
040 |a FlNmELB  |b spa  |c FlNmELB 
050 4 |a TR145  |b P438 2010 
080 |a 77 
082 0 4 |a 770  |2 22 
100 1 |a Pérez Cruz, Jorge Perfecto. 
245 1 3 |a El discurso gráfico en el semanario 26 /  |c Jorge Perfecto Pérez Cruz ; tutora: María de los Ángeles González Borges. 
260 |a Las Tunas :  |b Universidad de La Habana,  |c 2010. 
300 |a 89 p. 
533 |a Recurso electrónico. Santa Fe, Arg.: e-libro, 2015. Disponible vía World Wide Web. El acceso puede estar limitado para las bibliotecas afiliadas a e-libro. 
650 4 |a Discurso gráfico. 
650 0 |a Photography. 
655 4 |a Libros electrónicos. 
700 1 |a González Borges, María de los Ángeles. 
710 2 |a e-libro, Corp. 
856 4 0 |u https://elibro.unach.elogim.com/es/lc/unach/titulos/104830